IFM Opac

Doing Research in the Real World (Record no. 22174)

MARC details
000 -LEADER
fixed length control field 00321nam a22001337a 4500
020 ## - INTERNATIONAL STANDARD BOOK NUMBER
ISBN 978-1-4462-6019-7
082 ## - DEWEY DECIMAL CLASSIFICATION NUMBER
Classification number 001.42
100 ## - MAIN ENTRY--AUTHOR NAME
Personal name Gray, David E.
245 ## - TITLE STATEMENT
Title Doing Research in the Real World
250 ## - EDITION STATEMENT
Edition statement 3rd
260 ## - PUBLICATION, DISTRIBUTION, ETC. (IMPRINT)
Place of publication London:
Name of publisher SAGEPublications,
Year of publication 2014
300 ## - PHYSICAL DESCRIPTION
Number of Pages xxi, 729p.: ill.; 24cm
942 ## - ADDED ENTRY ELEMENTS (KOHA)
Koha item type Books
Holdings
Withdrawn status Lost status Damaged status Not for loan Collection code Permanent Location Current Location Shelving location Date acquired Source of acquisition Full call number Accession Number Price effective from Koha item type
        Non-fiction IFM Main Campus Library IFM Main Campus Library Work Room processing 01/16/2026 Purchased 001.42 GRA 0000023546 01/16/2026 Books
        Non-fiction IFM Main Campus Library IFM Main Campus Library Work Room processing 01/16/2026 Purchased 001.42 GRA 0000023547 01/16/2026 Books